| 000 | 01278nam a22003497a 4500 | ||
|---|---|---|---|
| 001 | 263 | ||
| 003 | FISKH | ||
| 005 | 20231212144628.0 | ||
| 008 | 230313b cb ||||| |||| 00| 0 eng d | ||
| 020 | _a9781405266079 | ||
| 040 |
_aDLC _cDLC _dDLC _dFISKH _beng |
||
| 042 | _alcac | ||
| 050 | 0 | 0 |
_aPZ7.S6795 _bRe 1999 |
| 082 | 0 | 0 |
_a813.54 _221 |
| 100 | 1 | _aSnicket, Lemony. | |
| 245 | 1 | 4 |
_aThe reptile room / _cby Lemony Snicket ; illustrations by Brett Helquist. |
| 260 |
_aNew York _bEgmont _c2001 |
||
| 300 |
_a190 p. _bill. _c19 cm. |
||
| 490 | 1 |
_aA series of unfortunate events ; _vv. 2 |
|
| 505 | _aX | ||
| 520 | _aAfter narrowly escaping the menacing clutches of the dastardly Count Olaf, the three Baudelaire orphans are taken in by a kindly herpetologist with whom they live happily for an all-too-brief time. | ||
| 521 | 8 |
_a1040
_bLexile |
|
| 521 | 8 |
_aX
_bRaz-Plus |
|
| 650 | 1 |
_aOrphans _vFiction. |
|
| 650 | 1 |
_aBrothers and sisters _vFiction. |
|
| 650 | 1 | _aHumorous stories. | |
| 700 | 1 |
_aHelquist, Brett, _eill. |
|
| 800 | 1 |
_aSnicket, Lemony. _tSeries of unfortunate events ; _vbk. 2. |
|
| 856 | 4 | 2 |
_3Publisher description _uhttp://www.loc.gov/catdir/description/hc043/99014751.html |
| 906 |
_a7 _bcbc _corignew _d1 _eocip _f19 _gy-gencatlg |
||
| 942 |
_2ddc _cBK _n0 |
||
| 999 |
_c263 _d263 |
||